| 000 | 01637nam0a2200313 4500 | ||
|---|---|---|---|
| 001 | RU\NLR\bibl\941390 | ||
| 005 | 20260405102243.0 | ||
| 021 |
_aRU _b2006-17399 _9864 |
||
| 035 | _a(NLR Aleph) 000929569 | ||
| 090 |
_a151221 _c151221 |
||
| 100 | _a20060502d2006 |||y0rusy50 ca | ||
| 101 | 0 | _arus | |
| 102 | _aRU | ||
| 105 | _aa ||||||||| | ||
| 200 | 1 |
_aДетали машин и основы конструирования _eучебное пособие _e[для студентов специальности 280900 "Конструирование швейных изделий" дневной и заочной форм обучения] _fС.Г. Иванов _gФедер. агентство, Омс. гос. ин-т сервиса, Каф. естественнонауч. и инж. дисциплин |
|
| 210 |
_aОмск _cИзд.-полиграф. центр Омского государственного института сервиса _d2006 |
||
| 215 |
_a149 с. _cил. _d20 |
||
| 320 | _aБиблиогр.: с. 143 (14 назв.) | ||
| 320 | _aАлф.-предм. указ.: с. 144-149 | ||
| 606 | 1 |
_aДетали машин _jУчебные издания для высших учебных заведений _xПроектирование _9942940 _3RU\NLR\auth\66349211 |
|
| 686 | _aК42я73-1 | ||
| 700 | 1 |
_4070 _7ca _8rus _aИванов _bС. Г. _cканд. техн. наук _gСергей Гаврилович _921002 _3RU\NLR\auth\7738015 |
|
| 801 | 0 |
_aRU _bNLR _c20060502 _grcr |
|
| 801 | 1 |
_aRU _bNLR _c20060502 |
|
| 830 | _aавт. по кн. | ||
| 942 | _cBOOK | ||
| 980 | _aNB | ||
| 980 | _aNBR | ||